UEFA Champions League 2014-15 - Statistics

General Stats
  • This quiz has been taken 140 times
  • The average score is 22 of 32
Answer Stats
Hint Answer % Correct
F Barcelona
100%
B Real Madrid
99%
A Juventus
98%
E Bayern
97%
E Manchester City
96%
A Atlético de Madrid
93%
F PSG
91%
D Arsenal
90%
G Chelsea
90%
B Liverpool
90%
D Borussia Dortmund
89%
E Roma
88%
F Ajax
80%
H Porto
74%
C Benfica
73%
C Monaco
71%
H Shakhtar Donetsk
68%
C Bayer Leverkusen
66%
C Zenit
63%
D Galatasaray
61%
E CSKA Moscow
59%
G Schalke 04
57%
B Basel
52%
A Malmö
50%
A Olympiakos
50%
F APOEL
49%
D Anderlecht
47%
H Athletic Club
47%
G Sporting CP
45%
H BATE Borisov
43%
B Ludogorets
36%
G Maribor
24%
No matching quizzes found
Score Distribution
Percent of People with Each Score
Percentile by Number Answered
Your Score History
You have not taken this quiz